Players who missed 2024 Copa America - Statistics

General Stats
  • This quiz has been taken 19 times
  • The average score is 4 of 9
Answer Stats
Position & Nationality Player % Correct
🇲🇽 GK Guillermo Ochoa
78%
🇧🇷 LW Neymar
67%
🇦🇷 SS/AM Paulo Dybala
56%
🇧🇷 GK Ederson
44%
🇨🇴 RM/RB/RW Juan Cuadrado
44%
🇧🇷 ST Gabriel Jesus
33%
🇧🇷 ST Richarlison
33%
🇧🇷 CDM Casemiro
22%
🇧🇷 CM (Newcastle) Joelinton
22%
No matching quizzes found
Score Distribution
Percent of People with Each Score
Percentile by Number Answered
Your Score History
You have not taken this quiz